000 00336nam a22001457a 4500
008 210301b ||||| |||| 00| 0 eng d
020 _a0803921179
041 _aeng
080 _a311
082 _a311
100 _a55
101 _aSTA
245 _aQualitative Data Analysis a Source of New Methods
_cMiles, M.B
942 _2udc
_cBK
999 _c55336
_d55336